Countries Who Own the Most Islands - Statistics

General Stats
  • This quiz has been taken 38 times
  • The average score is 12 of 15
Answer Stats
Hint Answer % Correct
52,455 Canada
97%
18,617 United States
97%
8,222 Australia
95%
5,000 China
95%
17,504 Indonesia
95%
6,852 Japan
92%
7,641 Philippines
92%
267,570 Sweden
92%
239,057 Norway
89%
178,947 Finland
86%
5,000 Chile
76%
4,000 Vietnam
65%
4,400 South Korea
54%
3,579 North Korea
35%
4,195 Cuba
27%
No matching quizzes found
Score Distribution
Percent of People with Each Score
Percentile by Number Answered
Your Score History
You have not taken this quiz